banner-ar

السينما والمجتمع / (Record no. 65363)

MARC details
000 -الفاتح
حقل البيانات ثابتة الطول 00540nam a2200181Ia 4500
005 - وقت وتاريخ اخر تعامل مع التسجيلة
رقم الضبط 20240530110821.0
008 - عناصر البيانات ثابتة الطول - معلومات عامة
حقل البيانات ثابتة الطول 140319s1961 ua a f 000 0 ara d
040 ## - مصدر الفهرسة
وكالة الفهرسة الأصلية GCL /
وكالة النسخ GCL
082 04 - رقم تصنيف ديوى العشرى
رقم التصنيف 791.43
رقم المادة م س
100 0# - المدخل الرئيسى - إسم شخصى
الإسم الشخصى محمد حلمى سليمان
245 12 - بيان العنوان
العنوان السينما والمجتمع /
بيان المسئوليه,etc محمد حلمى سليمان
250 ## - بيان الطبعة
بيان الطبعة ط.1
260 ## - PUBLICATION, DISTRIBUTION, ETC. (IMPRINT)
تاريخ النشر أو التوزيع 1961.
300 ## - الوصف المادى
التعداد 110 ص. :
تفاصيل ماديه اخرى للوعاء ايض. ؛
أبعاد الوعاء 18 سم.
650 04 - المدخل الاضافى بالموضوع-مصطلح موضوعى
مصطلح موضوعي السينما
942 ## - عناصر المدخل الإضافي( كوها)
مصدر التصنيف او مخطط الترفيف Dewey Decimal Classification
Koha [default] item type كتاب
260 ## - PUBLICATION, DISTRIBUTION, ETC. (IMPRINT)
-- القاهرة :
-- وزارة الثقافة ،
Holdings
حالة التراجع حالة الفقد مصدر التصنيف او خطة الترفيف حالة تلف ليس للاعارة المكان المؤقت الموقع الحالى موقع الترفيف تاريخ الاكتساب اجمالي اﻻعارات رقم الطلب الباركود تاريخ اخر مشاهدة تاريخ تفعيل السعر نوع وعاء كوها
    ddc     مكتبة القاهرة الكبرى مكتبة القاهرة الكبرى   07/13/2019   791.43 / م س 166102 07/13/2019 07/13/2019 كتاب

Powered By

EGPV